South African Bantustans-Flag quiz - Statistics

General Stats
  • This quiz has been taken 46 times
  • The average score is 7 of 10
Answer Stats
Picture Answer % Correct
Ciskei
100%
Venda
100%
Transkei
93%
KwaZulu
70%
QwaQwa
63%
KwaNdebele
53%
Bophutatswana
50%
Lebowa
50%
Gazankulu
47%
KaNgwane
37%
No matching quizzes found
Score Distribution
Percent of People with Each Score
Percentile by Number Answered
Your Score History
You have not taken this quiz